| Tag |
First Indicator |
Second Indicator |
Subfields |
| LEADER |
00000cam a22000005a 4500 |
| 001 |
in00002015697 |
| 005 |
20151031144148.0 |
| 008 |
040416s2003 nik 000 0 eng |
| 015 |
|
|
|a GBA429410
|2 bnb
|
| 016 |
7 |
|
|a 012903150
|2 Uk
|
| 020 |
|
|
|a 1904242081 (pbk.)
|
| 035 |
|
|
|a (OCoLC)ocm56539422
|
| 040 |
|
|
|a UKM
|c UKM
|d TXA
|d UtOrBLW
|
| 049 |
|
|
|a TXAM
|
| 090 |
|
|
|a TJ619.4.I73
|b F53 2003
|
| 100 |
1 |
|
|a Flanagan, Colm.
|
| 245 |
1 |
0 |
|a Diesel dawn :
|b Ireland's contribution to the development of the DMU, 1931-1967 /
|c Colm Flanagan.
|
| 264 |
|
1 |
|a Newtownards :
|b Colourpoint Books,
|c 2003.
|
| 300 |
|
|
|a 192 pages :
|b illustrations (some color) ;
|c 24 cm.
|
| 336 |
|
|
|a text
|b txt
|2 rdacontent
|
| 337 |
|
|
|a unmediated
|b n
|2 rdamedia
|
| 338 |
|
|
|a volume
|b nc
|2 rdacarrier
|
| 504 |
|
|
|a Includes bibliographical references (page 192).
|
| 650 |
|
0 |
|a Diesel locomotives
|z Northern Ireland
|x History.
|
| 650 |
|
0 |
|a Railroads
|z Northern Ireland
|x Rolling stock.
|
| 948 |
|
|
|a cataloged
|b h
|c 2004/11/29
|d c
|e jgreene
|f 3:33:35 pm
|
| 994 |
|
|
|a E0
|b TXA
|
| 999 |
|
|
|a MARS
|
| 999 |
f |
f |
|s d6f9a1ee-ff56-3844-a6e4-0adc830238af
|i a74e6467-ef72-38e9-a33b-68c0c8c7769d
|t 0
|
| 952 |
f |
f |
|p ric
|a Texas A&M University
|b Rellis Campus
|c Joint Library Facility
|d Remote Storage
|t 0
|e TJ619.4.I73 F53 2003
|h Library of Congress classification
|i unmediated -- volume
|m A14831613906
|
| 998 |
f |
f |
|a TJ619.4.I73 F53 2003
|t 0
|l Remote Storage
|